[Event "AUT-chT 9697"]
[Site "Vorarlberg"]
[Date "1996.??.??"]
[Round "?"]
[White "Schallert, Martin"]
[Black "Elkuch, Harald"]
[Result "1-0"]
[WhiteElo "1950"]
[BlackElo "2160"]
[PlyCount "55"]
[EventDate "1996.??.??"]
[EventType "team"]
[EventRounds "9"]
[EventCountry "AUT"]
[SourceTitle "EXT 1999"]
[Source "ChessBase"]
[SourceDate "1998.11.16"]
[SourceVersion "1"]
[SourceVersionDate "1998.11.16"]
[SourceQuality "1"]

1. c4 c5 2. Nf3 Nf6 3. Nc3 Nc6 4. d4 cxd4 5. Nxd4 g6 6. e4 d6 7. Be2 Bg7 8. Be3 0-0 9. 0-0 Qd7 10. f3 Nh5 11. Re1 Nf4 12. Qd2 h5 13. Ndb5 Nxe2+ 14. Rxe2 b6 15. Rd1 Ne5 16. b3 h4 17. h3 Qb7 18. Rf2 Kh7 19. Bg5 Rh8 20. Bxh4 Kg8 21. Bg5 Bxh3 22. Nd5 f6 23. Bf4 Qd7 24. Bxe5 fxe5 25. Qg5 Bf6 26. Nxf6+ exf6 27. Qxg6+ Kf8 28. Qxf6+ 1-0

[Event "AUT-chT 9697"]
[Site "Vorarlberg"]
[Date "1996.??.??"]
[Round "?"]
[White "Schallert, Martin"]
[Black "Schmidlechner, Alexander"]
[Result "0-1"]
[WhiteElo "1950"]
[BlackElo "2190"]
[PlyCount "96"]
[EventDate "1996.??.??"]
[EventType "team"]
[EventRounds "9"]
[EventCountry "AUT"]
[SourceTitle "EXT 1999"]
[Source "ChessBase"]
[SourceDate "1998.11.16"]
[SourceVersion "1"]
[SourceVersionDate "1998.11.16"]
[SourceQuality "1"]

1. c4 Nf6 2. Nf3 e6 3. Nc3 d5 4. e3 Nbd7 5. Be2 c6 6. d4 Bd6 7. Qc2 dxc4 8. Bxc4 e5 9. b3 0-0 10. Be2 Qc7 11. h3 Re8 12. dxe5 Nxe5 13. 0-0 Qa5 14. Nd4 Ng6 15. Bd2 Qc5 16. b4 Qe5 17. f4 Qe7 18. a3 a5 19. b5 Bxa3 20. bxc6 Bb4 21. Bf3 Nh4 22. Rfe1 Nxf3+ 23. gxf3 bxc6 24. Nxc6 Qb7 25. Nxb4 axb4 26. Rxa8 Qxa8 27. Ne4 Nxe4 28. fxe4 Bxh3 29. Kh2 Bg4 30. Kg3 h5 31. Bxb4 Rxe4 32. Bc3 Rc4 33. e4 Qc8 34. Re3 Bd1 35. Qxd1 Rxc3 36. Rxc3 Qxc3+ 37. Kh4 Qf6+ 38. Kg3 Qg6+ 39. Kh4 Qxe4 40. Qc1 Qf5 41. Kg3 Qg4+ 42. Kf2 h4 43. Qe3 h3 44. Qg3 f5 45. Qh2 Kh7 46. Qg3 Kg6 47. Qe3 Qg2+ 48. Ke1 Qe4 0-1

[Event "AUT-chT 9596"]
[Site "Vorarlberg"]
[Date "1995.??.??"]
[Round "1"]
[White "Schallert, Martin"]
[Black "Schreiter, Thomas"]
[Result "1/2-1/2"]
[WhiteElo "1945"]
[BlackElo "2130"]
[PlyCount "47"]
[EventDate "1995.??.??"]
[EventType "team"]
[EventRounds "9"]
[EventCountry "AUT"]
[SourceTitle "EXT 1999"]
[Source "ChessBase"]
[SourceDate "1998.11.16"]
[SourceVersion "1"]
[SourceVersionDate "1998.11.16"]
[SourceQuality "1"]

1. d4 Nf6 2. Nf3 e6 3. Bg5 d5 4. e3 Be7 5. Bd3 0-0 6. Nbd2 h6 7. Bh4 b6 8. Qe2 Bb7 9. Ne5 c5 10. c3 Nbd7 11. Ndf3 Ne4 12. Bxe7 Qxe7 13. Nxd7 Qxd7 14. Ne5 Qc7 15. f3 Nf6 16. 0-0 Nd7 17. Nxd7 Qxd7 18. Rad1 Qc7 19. f4 f5 20. Qh5 Bc6 21. g4 Be8 22. Qh4 Bg6 23. Rf2 Qd8 24. Qg3 1/2-1/2